La batalla del Ebro / (Record no. 104087)

MARC details
000 -LEADER
campo de control de longitud fija 00696nam a2200205 i 4500
001 - NÚMERO DE CONTROL
campo de control 104087
003 - IDENTIFICADOR DE NÚMERO DE CONTROL
campo de control ES-MaACL
005 - FECHA Y HORA DE LA ÚLTIMA TRANSACCIÓN
campo de control 20250826063140.0
007 - CAMPO FIJO DE DESCRIPCIÓN FÍSICA--INFORMACIÓN GENERAL
campo de control de longitud fija t|
008 - DATOS DE LONGITUD FIJA--INFORMACIÓN GENERAL
campo de control de longitud fija 051123m19671970sp ||||1| spa d
100 1# - ENTRADA PRINCIPAL--NOMBRE DE PERSONA
Nombre de persona Mezquida y Gené, Luis María,
Fechas asociadas al nombre 1920-2004
9 (RLIN) 80829
245 13 - MENCIÓN DEL TÍTULO
Título La batalla del Ebro /
Mención de responsabilidad, etc. por Luis Mª Mezquida y Gené.
260 ## - PUBLICACIÓN, DISTRIBUCIÓN, ETC.
Lugar de publicación, distribución, etc. Tarragona :
Nombre del editor, distribuidor, etc. [s.n.],
Fecha de publicación, distribución, etc. 1967-70 (
Fabricante Gibert)
300 ## - DESCRIPCIÓN FÍSICA
Extensión 2 v., 50 lám., 7 map. (1) ;
Dimensiones 24 cm.
500 ## - NOTA GENERAL
Nota general (1) pleg. sueltos.
500 ## - NOTA GENERAL
Nota general Precede al tít.: Diputación Provincial de Tarragona.
710 10 - ENTRADA AGREGADA--NOMBRE DE ENTIDAD CORPORATIVA
Nombre de entidad corporativa o nombre de jurisdicción como elemento de entrada Tarragona (Provincia).
Unidad subordinada Diputación
9 (RLIN) 6910
852 ## - LOCALIZACIÓN
Ubicación ES-MaACL
Número de control de estantería C-37671-72
Sublocalización o colección R.62725
Holdings
Estatus retirado Estado de pérdida Estado de daño No para préstamo Biblioteca de origen Biblioteca actual Ubicación en estantería Fecha de adquisición Fuente de adquisición Total de préstamos Signatura topográfica completa Código de barras Visto por última vez Precio de reemplazo Tipo de ítem Koha
        Biblioteca del Ateneo de Madrid Biblioteca del Ateneo de Madrid Depósito 2 17/01/2008     C-37671-72 1108676 23/02/2023 23/02/2023 Libro impreso